Une capitale par lettre par continent - Statistiques

Statistiques générales
  • Ce quiz a été pris 331 fois
  • Le résultat moyen est 41 sur 84
Statistiques - réponses
Réponse % Correct
Amsterdam, Athènes, Andorre la vieille Amsterdam, Athènes, Andorre la vieille
90%
Berlin, Berne, Bratislava, Bucarest, Budapest, Bruxelles, Belgrade Berlin, Berne, Bratislava, Bucarest, Budapest, Bruxelles, Belgrade
90%
Abuja, Accra, Addis-abeba, Alger, Antananarivo, Asmara Abuja, Accra, Addis-abeba, Alger, Antananarivo, Asmara
84%
Abou Dhabi, Amman, Ankara, Astana, Achgabat Abou Dhabi, Amman, Ankara, Astana, Achgabat
82%
Madrid, Minsk, Monaco, Moscou Madrid, Minsk, Monaco, Moscou
78%
La Valette, Lisbonne, Ljubljana, Londres, Luxembourg La Valette, Lisbonne, Ljubljana, Londres, Luxembourg
77%
Bogota, Brasilia, Buenos Aires Bogota, Brasilia, Buenos Aires
74%
Chisinau, Copenhague Chisinau, Copenhague
72%
Djibouti, Djouba, Dodoma, Dakar Djibouti, Djouba, Dodoma, Dakar
70%
Paris, Prague, Pristina, Podgorica Paris, Prague, Pristina, Podgorica
70%
Bagdad, Bakou, Bangkok, Bichkek, Bandar Seri Begawan, Beyrouth Bagdad, Bakou, Bangkok, Bichkek, Bandar Seri Begawan, Beyrouth
69%
Dublin Dublin
68%
Dacca, Dili, Doha, Douchanbé, Damas Dacca, Dili, Doha, Douchanbé, Damas
67%
Oslo Oslo
67%
Le Caire, Libreville, Lilongwe, Lomé, Luanda, Lusaka Le Caire, Libreville, Lilongwe, Lomé, Luanda, Lusaka
65%
Rome, Riga, Reykjavik Rome, Riga, Reykjavik
64%
Helsinki Helsinki
63%
Saint-Marin, Sarajevo, Skopje, Sofia, Stockholm Saint-Marin, Sarajevo, Skopje, Sofia, Stockholm
63%
Vatican, Varsovie, Vaduz, Vilnius, Vienne Vatican, Varsovie, Vaduz, Vilnius, Vienne
63%
Jakarta, Jérusalem Jakarta, Jérusalem
62%
Managua, Mexico Managua, Mexico
62%
Asunción Asunción
61%
Bamako, Bangui, Banjul, Bissau, Brazzaville Bamako, Bangui, Banjul, Bissau, Brazzaville
59%
Kiev Kiev
59%
Canberra Canberra
57%
Kaboul, Katmandou, Koweït, Kuala Lumpur Kaboul, Katmandou, Koweït, Kuala Lumpur
57%
Lima Lima
57%
Zagreb Zagreb
55%
Malé, Manama, Manille, Mascate Malé, Manama, Manille, Mascate
54%
Pékin, Phnom Penh, Pyongyang Pékin, Phnom Penh, Pyongyang
54%
Kampala, Khartoum, Kigali, Kinshasa Kampala, Khartoum, Kigali, Kinshasa
53%
Montevideo Montevideo
53%
Nairobi, N'Djamena, Niamey, Nouakchott Nairobi, N'Djamena, Niamey, Nouakchott
53%
Tachkent, Taipei, Tbilissi, Téhéran, Thimphou, Tokyo Tachkent, Taipei, Tbilissi, Téhéran, Thimphou, Tokyo
53%
Caracas Caracas
51%
Islamabad Islamabad
51%
Washington Washington
50%
Basseterre, Belmopan, Bridgetown Basseterre, Belmopan, Bridgetown
49%
Panama, Port-au-Prince, Port d'Espagne Panama, Port-au-Prince, Port d'Espagne
49%
Quito Quito
49%
Tripoli, Tunis Tripoli, Tunis
49%
Erevan Erevan
48%
Freetown Freetown
48%
Kingston, Kingstown Kingston, Kinstown
48%
Malabo, Maputo, Maseru, Mbabane, Mogadiscio, Monrovia, Moroni Malabo, Maputo, Maseru, Mbabane, Mogadiscio, Monrovia, Moroni
48%
Ottawa Ottawa
48%
Sanaa, Séoul, Singapour, Sri Jayawardenapura Kotte Sanaa, Séoul, Singapour, Sri Jayawardenapura Kotte
48%
Wellington Wellington
48%
Guatemala Guatemala
47%
Hanoï Hanoï
47%
Tirana, Tallinn Tirana, Tallinn
46%
Port Louis, Porto-Novo, Praia, Pretoria Port Louis, Porto-Novo, Praia, Pretoria
44%
Oulan Bator Oulan Bator
43%
Apia Apia
42%
Gaborone, Gitega Gaborone, Gitega
42%
Yamoussoukro, Yaoundé Yamoussoukro, Yaoundé
42%
Funafuti Funafuti
41%
La Havane La Havane
41%
Rabat Rabat
41%
Santiago, Sucre Santiago, Sucre
41%
Georgetown Georgetown
40%
Saint John's, Saint-Domingue, Saint Georges, San José, San Salvador Saint John's, Saint-Domingue, Saint Georges, San José, San Salvador
39%
Conakry Conakry
38%
Palikir, Port Moresby, Port-Vila Palikir, Port Moresby, Port-Vila
36%
Harare Harare
35%
Castries Castries
34%
Honiara Honiara
32%
Naypyidaw, New Delhi Naypyidaw, New Delhi
32%
Nicosie Nicosie
32%
Ouagadougou Ouagadougou
32%
Paramaribo Paramaribo
30%
Riyad Riyad
30%
Windhoek Windhoek
30%
Yaren Yaren
28%
Ngerulmud, Nuku'alofa Ngerulmud, Nuku'alofa
26%
Suva Suva
26%
Vientiane Vientiane
25%
Nassau Nassau
22%
Tegucigalpa Tegucigalpa
22%
Roseau Roseau
21%
Sao Tomé Sao Tomé
21%
Majuro Majuro
20%
Tarawa-Sud Tarawa-Sud
20%
Victoria Victoria
11%
Aucun quiz correspondant
Distribution des résultats
% des personnes avec chaque résultat
Percentile par nombre de réponses
Votre historique - résultats
Vous n’avez pas pris ce quiz